000 00624nam a2200229 i 4500
001 C2-0112214
003 PPAK
005 20180727103821.0
008 970701s1962 my |||| ||||| | may d
040 _aPPAK
_beng
_cPPAK
_erda
082 0 4 _a398.22
_223
090 0 0 _a398.22
_bMAS
_dKIH
100 1 _aMas'ud, Sutan R.,
_eauthor
245 1 0 _aPanglima Chindur Mato
264 1 _aKuala Lumpur :
_bPenerbitan Pustaka Antara ,
_c1962
300 _a85 pages ;
_c19 cm
336 _2rdacontent
_atext
337 _2rdamedia
_aunmediated
338 _2rdacarrier
_avolume
650 1 0 _aFolk literature, Malay
942 _ddc
_cB
999 _c28210
_d28210